000
00202 a2200097 4500
001
6941
100
_a
Imam, A
245
_a
Saheeh Bukhari Sharief
260
_a
_b
Muhomed Saeed
_c
090
_c
5732
_d
5732
942
_a
NUST-CAE
_c
M
_c
32192
999
_c
242014
_d
242014